| 000 | 00622cad a22002175a 4500 | ||
|---|---|---|---|
| 001 | L159770 | ||
| 008 | 150226s2016 xxk f 000 0 eng d | ||
| 035 | _a(Sirsi) u159770 | ||
| 041 | 0 | _aeng | |
| 100 | 1 | _aMann, Will | |
| 245 | 0 | 0 | _aBergen's model railway |
| 260 | _c2016 | ||
| 490 |
_aModus _vMay 2016, 36-37 (2) |
||
| 520 | _aThe collaborative potential of BIM has been fully realised on a project to extend the Norwegian city's light-rail network. | ||
| 590 | _aKA | ||
| 650 | 2 | 4 | _aTRAMWAYS |
| 650 | 2 | 4 | _aBUILDING AND CONSTRUCTION-PROJECTS |
| 651 | 4 | _aNorway | |
| 690 |
_aInfrastructure _96246 |
||
| 942 | _n0 | ||
| 999 |
_c84975 _d84975 |
||